El mar y Antofagasta
Guardado en:
| Autores principales: | , , |
|---|---|
| Formato: | Libro |
| Lenguaje: | español |
| Publicado: |
Antofagasta
Universidad del Norte
1980
|
| Edición: | 1a. ed |
| Materias: | |
| Etiquetas: |
Agregar Etiqueta
Sin Etiquetas, Sea el primero en etiquetar este registro!
|
MARC
| LEADER | 00000cam a2200000 a 4500 | ||
|---|---|---|---|
| 001 | UCC7524 | ||
| 003 | CL-VaPUC | ||
| 008 | 190409e19800000cl |||||||||||||||||spa|d | ||
| 082 | 0 | 4 | |a 333.916 |b GON |2 21 |
| 100 | 0 | |a González Murchio, Augusto |e author |9 602160 | |
| 700 | 0 | |a Follegati Ghio, Renzo |e author |9 602161 | |
| 700 | 0 | |a Díaz Villalobos, Enrique |e author |9 602162 | |
| 245 | 1 | 3 | |a El mar y Antofagasta |
| 250 | |a 1a. ed | ||
| 300 | |a 186p | ||
| 942 | |c BK | ||
| 945 | |d 20190409 14:28:00 |a dcastane | ||
| 260 | |a Antofagasta |b Universidad del Norte |c 1980 | ||
| 650 | 0 | |a Recursos marinos |9 261196 | |
| 650 | 7 | |a CONSERVACION DE RECURSOS PESQUEROS |2 CL-VaPUC |9 261160 | |
| 650 | 0 | |a Industria pesquera |9 255432 | |
| 583 | |a last modification |c 20190409 14:28:00 |k Rodrigo Vera | ||
| 999 | |c 374144 |d 374142 | ||
| 952 | |0 0 |1 0 |3 erb |4 0 |6 333_916000000000000_GON_1980 |7 0 |8 X |9 492566 |a FDOBUD |b FDOBUD |i 5542030 |o 333.916 GON 1980 |p 5542030 |r 2019-11-24 |w 2019-11-24 |y BK_X |z Catalogado en:20190409 |k BUD | ||